| 000 | 00486nam a22001697a 4500 | ||
|---|---|---|---|
| 010 | _aENG-97757 | ||
| 020 |
_a9788190690096 _c300.00 |
||
| 035 | _aEN-81290 | ||
| 037 | _bDBAD/PUB | ||
| 082 | _aN | ||
| 100 |
_aKiran, U. K _95221 |
||
| 245 |
_aLost smile / _cby U. K. Kiran |
||
| 300 |
_a162p. _c20cm (pbk) |
||
| 650 |
_aFiction _95222 |
||
| 942 |
_2ddc _cEN _hN _mKIR |
||
| 999 |
_c38902 _d38902 |
||